[Event "Lvov Maksym Yusupov Memorial 1st"]
[Site "Lvov"]
[Date "2013.02.03"]
[Round "5"]
[White "Sychevskyy, Andriy"]
[Black "Podolsky, Anton"]
[Result "1/2-1/2"]
[WhiteElo "2083"]
[BlackElo "2269"]
[PlyCount "42"]
[EventDate "2013.02.01"]
[EventType "tourn"]
[EventRounds "9"]
[EventCountry "UKR"]
[SourceTitle "CBM 152 Extra"]
[Source "ChessBase"]
[SourceDate "2013.02.25"]
[SourceVersion "1"]
[SourceVersionDate "2013.02.25"]
[SourceQuality "1"]

1. Nf3 Nf6 2. g3 g6 3. Bg2 Bg7 4. 0-0 0-0 5. d3 d5 6. a3 a5 7. Nbd2 Nc6 8. c4 d4 9. Rb1 a4 10. b4 axb3 11. Nxb3 e5 12. Nfd2 Qe7 13. a4 h5 14. Ra1 Re8 15. Ba3 Qd8 16. Qc2 Ra7 17. Bc5 Ra6 18. Ba3 Ra7 19. Bc5 Ra6 20. Ba3 Ra7 21. Bc5 Ra6 1/2-1/2

[Event "Lvov Maksym Yusupov Memorial 1st"]
[Site "Lvov"]
[Date "2013.02.01"]
[Round "1"]
[White "Ustianovich, Nazar"]
[Black "Podolsky, Anton"]
[Result "0-1"]
[WhiteElo "2305"]
[BlackElo "2269"]
[PlyCount "68"]
[EventDate "2013.02.01"]
[EventType "tourn"]
[EventRounds "9"]
[EventCountry "UKR"]
[SourceTitle "CBM 152 Extra"]
[Source "ChessBase"]
[SourceDate "2013.02.25"]
[SourceVersion "1"]
[SourceVersionDate "2013.02.25"]
[SourceQuality "1"]

1. f4 d5 2. Nf3 Nf6 3. g3 c5 4. Bg2 Nc6 5. 0-0 g6 6. d3 Bg7 7. c3 0-0 8. h3 Qc7 9. Nh4 e6 10. e4 dxe4 11. dxe4 e5 12. f5 b6 13. g4 Ba6 14. Re1 Rfd8 15. Qf3 Bd3 16. Qf2 Rd7 17. Na3 Na5 18. Bf3 Nb7 19. g5 Ne8 20. Bg4 Rdd8 21. fxg6 hxg6 22. Nxg6 Ned6 23. Nh4 Bxe4 24. Nb5 Qc6 25. Nxd6 Nxd6 26. g6 fxg6 27. Be6+ Kh7 28. Nxg6 Kxg6 29. Rf1 Rg8 30. Qh4 Nf5 31. Rxf5 Bxf5 32. Qg5+ Kh7 33. Bxf5+ Kh8 34. Kh2 Raf8 0-1

[Event "POL-UKR U26"]
[Site "Lublin"]
[Date "2012.11.24"]
[Round "5.1"]
[White "Podolsky, Anton"]
[Black "Piesik, Piotr"]
[Result "1-0"]
[WhiteElo "2270"]
[BlackElo "2193"]
[PlyCount "91"]
[EventDate "2012.11.21"]
[EventType "team-tourn"]
[EventRounds "5"]
[EventCountry "POL"]
[SourceTitle "CBM 151 Extra"]
[Source "ChessBase"]
[SourceDate "2012.12.18"]
[SourceVersion "1"]
[SourceVersionDate "2012.12.18"]
[SourceQuality "1"]
[WhiteTeam "Ternopol Economic Univ"]
[BlackTeam "Katowice Economic Univ"]
[WhiteTeamCountry "UKR"]
[BlackTeamCountry "POL"]

1. e4 Nc6 2. Nc3 e5 3. f4 Bc5 4. Nf3 d6 5. Na4 exf4 6. Nxc5 dxc5 7. Bb5 Nge7 8. d3 Qd6 9. e5 Qh6 10. Qd2 Nd5 11. Qf2 Ne3 12. Bxc6+ Qxc6 13. Bxe3 fxe3 14. Qxe3 c4 15. d4 Bf5 16. c3 Bd3 17. Kf2 0-0 18. Rhe1 Rfe8 19. Kg1 Rad8 20. Qf2 Qd5 21. Re3 c5 22. Rae1 cxd4 23. Nxd4 Re7 24. e6 f6 25. Rg3 Rf8 26. Qf4 b5 27. a3 Bg6 28. Qf3 Qxf3 29. Rxf3 a6 30. Rf4 Rc8 31. h3 Rc5 32. a4 Re5 33. Ra1 Re4 34. Rxe4 Bxe4 35. axb5 axb5 36. Ra5 Bd5 37. Ra6 Kf8 38. Kf2 g6 39. Rd6 Be4 40. Rb6 Rb7 41. e7+ Ke8 42. Rxf6 b4 43. Nc6 Bxc6 44. Rxc6 Kxe7 45. Rxc4 bxc3 46. bxc3 1-0

[Event "POL-UKR U26"]
[Site "Lublin"]
[Date "2012.11.21"]
[Round "1.1"]
[White "Podolsky, Anton"]
[Black "Klekowski, Maciej"]
[Result "1-0"]
[WhiteElo "2270"]
[BlackElo "2351"]
[PlyCount "71"]
[EventDate "2012.11.21"]
[EventType "team-tourn"]
[EventRounds "5"]
[EventCountry "POL"]
[SourceTitle "CBM 151 Extra"]
[Source "ChessBase"]
[SourceDate "2012.12.18"]
[SourceVersion "1"]
[SourceVersionDate "2012.12.18"]
[SourceQuality "1"]
[WhiteTeam "Ternopol Economic Univ"]
[BlackTeam "Krakow Gorniczo Hutnicza Acad"]
[WhiteTeamCountry "UKR"]
[BlackTeamCountry "POL"]

1. e4 c5 2. Nf3 Nc6 3. Bb5 Qb6 4. Bxc6 Qxc6 5. Nc3 e6 6. 0-0 d6 7. Re1 a6 8. d4 cxd4 9. Qxd4 e5 10. Qd3 h6 11. Nd5 Ne7 12. c4 Bg4 13. h3 Bxf3 14. Qxf3 Nxd5 15. cxd5 Qd7 16. Be3 Be7 17. Qg3 Bf6 18. Rac1 Ke7 19. Bd2 Rhc8 20. Qb3 Ke8 21. Kh2 Bd8 22. g3 b5 23. Be3 h5 24. Qa3 a5 25. Qd3 g6 26. Kg2 a4 27. Rxc8 Rxc8 28. Rc1 Rxc1 29. Bxc1 Bb6 30. b3 axb3 31. Qxb3 Ke7 32. Bg5+ Kf8 33. Bf6 Ba7 34. Qa3 Kg8 35. Qc1 Qe8 36. Qh6 1-0

[Event "Chervonograd 8th"]
[Site "Chervonograd"]
[Date "2012.11.18"]
[Round "9"]
[White "Malyi, Viacheslav"]
[Black "Podolsky, Anton"]
[Result "1/2-1/2"]
[WhiteElo "2350"]
[BlackElo "2270"]
[PlyCount "37"]
[EventDate "2012.11.14"]
[EventType "tourn"]
[EventRounds "11"]
[EventCountry "UKR"]
[EventCategory "2"]
[SourceTitle "CBM 151 Extra"]
[Source "ChessBase"]
[SourceDate "2012.12.18"]
[SourceVersion "1"]
[SourceVersionDate "2012.12.18"]
[SourceQuality "1"]

1. d4 Nf6 2. Bg5 d5 3. Bxf6 exf6 4. e3 Bd6 5. Nf3 0-0 6. h3 f5 7. c4 c6 8. cxd5 cxd5 9. Nc3 f4 10. exf4 Bxf4 11. Be2 Be6 12. 0-0 Nc6 13. Qb3 Qd7 14. Rad1 Rad8 15. Rfe1 Rfe8 16. Bb5 a6 17. Bxc6 Qxc6 18. Qa4 Qxa4 19. Nxa4 1/2-1/2

[Event "Wch U20 51st"]
[Site "Athens"]
[Date "2012.08.07"]
[Round "6"]
[White "Podolsky, Anton"]
[Black "Kalogridakis, Georgios"]
[Result "1-0"]
[WhiteElo "2246"]
[BlackElo "2017"]
[PlyCount "95"]
[EventDate "2012.08.02"]
[EventType "swiss"]
[EventRounds "13"]
[EventCountry "GRE"]
[SourceTitle "CBM 149 Extra"]
[Source "ChessBase"]
[SourceDate "2012.08.24"]
[SourceVersion "1"]
[SourceVersionDate "2012.08.24"]
[SourceQuality "1"]

1. Nf3 d5 2. g3 Nf6 3. Bg2 e6 4. 0-0 Be7 5. d3 0-0 6. Nbd2 b6 7. e4 Bb7 8. e5 Nfd7 9. Re1 Re8 10. h4 f6 11. Bh3 Nf8 12. Nf1 c5 13. d4 Nc6 14. c3 fxe5 15. Nxe5 Nxe5 16. Rxe5 Bf6 17. Bg5 Qc7 18. Bxf6 gxf6 19. Re1 Rad8 20. Ne3 Rd6 21. Qf3 e5 22. Nf5 Rdd8 23. Nh6+ Kg7 24. Ng4 Nd7 25. Qe3 Qc6 26. Nh6 Nf8 27. Nf5+ Kh8 28. Qh6 Rd7 29. c4 Rf7 30. Bg2 Qd7 31. Qh5 Ng6 32. dxc5 bxc5 33. cxd5 Bc8 34. Be4 Qd8 35. Nd6 Rg7 36. Bxg6 Qxd6 37. Bxe8 e4 38. Re3 Bg4 39. Qh6 Bf3 40. Kh2 Qe5 41. Rae1 Qxb2 42. Rxf3 exf3 43. Qe3 Qb4 44. Bh5 f5 45. Qe8+ Rg8 46. Qe7 Qb6 47. d6 Qb2 48. Qe5+ 1-0

[Event "Lvov Euro op 1st"]
[Site "Lvov"]
[Date "2012.06.01"]
[Round "8"]
[White "Buksa, Nataliya"]
[Black "Podolsky, Anton"]
[Result "1/2-1/2"]
[WhiteElo "2101"]
[BlackElo "2285"]
[PlyCount "70"]
[EventDate "2012.05.28"]
[EventType "swiss"]
[EventRounds "9"]
[EventCountry "UKR"]
[SourceTitle "CBM 148 Extra"]
[Source "ChessBase"]
[SourceDate "2012.06.22"]
[SourceVersion "1"]
[SourceVersionDate "2012.06.22"]
[SourceQuality "1"]

1. e4 c5 2. Nf3 d6 3. d4 cxd4 4. Nxd4 Nf6 5. Nc3 e6 6. Be2 Be7 7. 0-0 Nc6 8. f4 0-0 9. Kh1 Bd7 10. Be3 Nxd4 11. Bxd4 Bc6 12. Bd3 a6 13. Qe1 b5 14. a3 Re8 15. Qg3 Bf8 16. Rae1 e5 17. fxe5 dxe5 18. Be3 Qd6 19. Rf2 Qe6 20. h3 Nh5 21. Qh4 Qg6 22. g4 Nf4 23. Bxf4 Be7 24. Qh5 Qxh5 25. gxh5 exf4 26. Rxf4 Bd6 27. Rff1 Re5 28. Be2 Rc5 29. Bf3 Be5 30. Re3 Rd8 31. Rf2 Kf8 32. Rfe2 h6 33. Rg2 Re8 34. Rge2 Rc4 35. Kg2 Bb7 1/2-1/2

[Event "EU-ch U18"]
[Site "Albena"]
[Date "2011.09.11"]
[Round "1"]
[White "Urkedal, Frode Olav Olsen"]
[Black "Podolsky, Anton"]
[Result "1-0"]
[WhiteElo "2447"]
[BlackElo "2240"]
[PlyCount "81"]
[EventDate "2011.09.11"]
[EventType "swiss"]
[EventRounds "9"]
[EventCountry "BUL"]
[SourceTitle "CBM 144 Extra"]
[Source "ChessBase"]
[SourceDate "2011.10.28"]
[SourceVersion "1"]
[SourceVersionDate "2011.10.28"]
[SourceQuality "1"]

1. d4 Nf6 2. c4 c5 3. d5 b5 4. cxb5 a6 5. bxa6 g6 6. Nc3 Bxa6 7. e4 Bxf1 8. Kxf1 d6 9. Nf3 Bg7 10. g3 0-0 11. Kg2 Nbd7 12. h3 Ra6 13. Rb1 Qa8 14. Qc2 e6 15. dxe6 fxe6 16. Re1 d5 17. a3 d4 18. Nb5 Qc6 19. a4 Ne8 20. b3 e5 21. Nd2 Qf6 22. Rf1 h5 23. h4 Bh6 24. Qd3 Bxd2 25. Bxd2 Kh7 26. Bg5 Qc6 27. Rbc1 Rf7 28. f3 Nd6 29. Nxd6 Qxd6 30. f4 Qc6 31. Kg1 exf4 32. gxf4 Rb6 33. Qc4 Rf8 34. a5 Rbb8 35. Qxd4 Qe6 36. f5 gxf5 37. exf5 Qf7 38. Qd6 Qxb3 39. Qxd7+ Rf7 40. Qd6 Rb4 41. Qg6+ 1-0

[Event "UKR-chT Clubs"]
[Site "Alushta"]
[Date "2011.05.16"]
[Round "4.6"]
[White "Podolsky, Anton"]
[Black "Sevostianov, Pavel"]
[Result "1/2-1/2"]
[WhiteElo "2244"]
[BlackElo "2277"]
[PlyCount "76"]
[EventDate "2011.05.13"]
[EventType "team-tourn"]
[EventRounds "9"]
[EventCountry "UKR"]
[SourceTitle "CBM 142 Extra"]
[Source "ChessBase"]
[SourceDate "2011.06.27"]
[SourceVersion "1"]
[SourceVersionDate "2011.06.27"]
[SourceQuality "1"]
[WhiteTeam "Podillya Region"]
[BlackTeam "Crimea Gaz"]
[WhiteTeamCountry "UKR"]
[BlackTeamCountry "UKR"]

1. e4 Nf6 2. e5 Nd5 3. Nc3 Nb6 4. Nf3 d6 5. h3 dxe5 6. Nxe5 N8d7 7. Nxd7 Bxd7 8. a4 e6 9. Qf3 c6 10. d4 Nd5 11. Nxd5 exd5 12. Bd3 Qe7+ 13. Qe2 Qxe2+ 14. Kxe2 Bd6 15. Re1 0-0 16. Kf3 Rfc8 17. Bg5 Be6 18. Bf4 Bf8 19. c3 a5 20. g4 b6 21. h4 Bd7 22. Re5 f6 23. Ree1 c5 24. g5 fxg5 25. hxg5 cxd4 26. cxd4 g6 27. Kg3 Re8 28. Be5 Bg7 29. f4 Bxe5 30. dxe5 Rac8 31. Kf3 d4 32. Rec1 Be6 33. Ba6 Rcd8 34. Rc7 d3 35. Ke3 Bf5 36. Bc4+ Kh8 37. Rh1 h5 38. gxh6 d2 1/2-1/2

[Event "UKR-ch sf"]
[Site "Alushta"]
[Date "2011.05.03"]
[Round "1"]
[White "Podolsky, Anton"]
[Black "Zubarev, Alexander2222"]
[Result "1/2-1/2"]
[WhiteElo "2244"]
[BlackElo "2600"]
[PlyCount "106"]
[EventDate "2011.05.03"]
[EventType "swiss"]
[EventRounds "9"]
[EventCountry "UKR"]
[SourceTitle "CBM 142 Extra"]
[Source "ChessBase"]
[SourceDate "2011.06.27"]
[SourceVersion "1"]
[SourceVersionDate "2011.06.27"]
[SourceQuality "1"]

1. c4 e5 2. Nc3 Nc6 3. Nf3 Nf6 4. e3 g6 5. d4 exd4 6. exd4 Bg7 7. Bg5 0-0 8. Be2 h6 9. Bh4 d6 10. 0-0 Ne7 11. Qd2 Nf5 12. Bxf6 Qxf6 13. Nd5 Qd8 14. Rfe1 c6 15. Nc3 Bd7 16. Rad1 Re8 17. Bf1 Qa5 18. a3 Rxe1 19. Rxe1 Re8 20. Rxe8+ Bxe8 21. g4 Ne7 22. Qf4 Nc8 23. h4 Qd8 24. g5 hxg5 25. hxg5 f5 26. gxf6 Qxf6 27. Qg4 Qf5 28. Qxf5 gxf5 29. Bd3 Ne7 30. Ne2 Bd7 31. Kg2 c5 32. b3 Kf7 33. d5 Ng6 34. a4 Bh6 35. Bc2 Kf6 36. Ne1 a6 37. Nd3 Bd2 38. f4 b5 39. axb5 axb5 40. Kf3 Ne7 41. Ng3 Nc8 42. Nf1 Bc3 43. Nc1 bxc4 44. bxc4 Nb6 45. Ne2 Be1 46. Ne3 Bd2 47. Nf1 Be1 48. Ne3 Nc8 49. Ng3 Ne7 50. Ng2 Bd2 51. Nh4 Bc1 52. Nh5+ Kf7 53. Ng3 Kf6 1/2-1/2

[Event "Wch U20 49th"]
[Site "Chotowa"]
[Date "2010.08.16"]
[Round "13"]
[White "Lewtak, Damian"]
[Black "Podolsky, Anton"]
[Result "1/2-1/2"]
[WhiteElo "2008"]
[BlackElo "2190"]
[PlyCount "31"]
[EventDate "2010.08.03"]
[EventType "swiss"]
[EventRounds "13"]
[EventCountry "POL"]
[SourceTitle "CBM 137 Extra"]
[Source "ChessBase"]
[SourceDate "2010.09.01"]
[SourceVersion "1"]
[SourceVersionDate "2010.09.01"]
[SourceQuality "1"]

1. e4 c5 2. Nf3 d6 3. d4 cxd4 4. Nxd4 Nf6 5. Nc3 a6 6. Bg5 Qb6 7. Qd2 Qxb2 8. Nb3 Qa3 9. Bxf6 gxf6 10. Nd5 Ra7 11. Be2 h5 12. Nc7+ Kd8 13. Nd5 b5 14. 0-0 Nc6 15. c4 Rb7 16. Kh1 1/2-1/2

[Event "Wch U20 49th"]
[Site "Chotowa"]
[Date "2010.08.09"]
[Round "6"]
[White "Podolsky, Anton"]
[Black "Jasiak, Filip"]
[Result "1-0"]
[WhiteElo "2190"]
[BlackElo "1757"]
[PlyCount "115"]
[EventDate "2010.08.03"]
[EventType "swiss"]
[EventRounds "13"]
[EventCountry "POL"]
[SourceTitle "CBM 137 Extra"]
[Source "ChessBase"]
[SourceDate "2010.09.01"]
[SourceVersion "1"]
[SourceVersionDate "2010.09.01"]
[SourceQuality "1"]

1. e4 c6 2. Nc3 d5 3. d4 g6 4. h4 Bg7 5. exd5 cxd5 6. h5 Nc6 7. Bb5 Nf6 8. h6 Bf8 9. Bg5 e6 10. f4 Be7 11. Nf3 a6 12. Be2 Qc7 13. Qd2 Bd7 14. Ne5 Rc8 15. Bf3 Na5 16. Qe2 Qb6 17. 0-0-0 Bc6 18. Bxf6 Bxf6 19. Bxd5 Bxd5 20. Nxd5 exd5 21. Nc4+ Qe6 22. Qxe6+ fxe6 23. Nxa5 b6 24. Nb3 0-0 25. Rd3 Be7 26. g3 Kf7 27. Nd2 Rc7 28. Nf3 Bf6 29. Re1 Rfc8 30. Re2 Rf8 31. Ra3 a5 32. Rae3 Rc6 33. Kd2 Ke7 34. Rc3 Rcc8 35. Ree3 Kd7 36. Rxc8 Rxc8 37. Rc3 Rc6 38. Rxc6 Kxc6 39. Kd3 b5 40. g4 Kd6 41. g5 Be7 42. Ne5 Bf8 43. Kc3 Kc7 44. Kb3 a4+ 45. Kc3 Kc8 46. b3 axb3 47. Kxb3 Kc7 48. a4 bxa4+ 49. Kxa4 Kd6 50. Kb5 Kc7 51. Ka6 Kd6 52. Kb7 Ke7 53. Kc8 Ke8 54. Kc7 Bb4 55. Nxg6 Bd2 56. Kd6 hxg6 57. h7 Kf7 58. h8Q 1-0